| 000 | 00638nam a2200157 a 4500 | ||
|---|---|---|---|
| 001 | 000039351 | ||
| 005 | 20240227073914.0 | ||
| 008 | 130625s2002 dr c 000 0 spa d | ||
| 040 |
_aDO-SdBNP _bspa _cBNPHU |
||
| 082 | _axxx | ||
| 100 | 1 |
_aHenríquez Ureña, Max, _d1885-1968 _92621 |
|
| 245 | 1 | 0 |
_aPedro Henríquez Ureña hermano y maestro : _b(Recuerdos de infancia y juventud) / _cMax Henríquez Ureña. |
| 260 |
_aSanto Domingo : _bCorripio, _c2002. |
||
| 300 |
_a30 p. : _bretr. ; _c28 cm. |
||
| 500 | _aEsta edición de hermano y Mestro de Max Henriquez Ureña, se hizo con motivo de la V Feria Internacional del Libro Santo Domingo 2002. | ||
| 999 |
_c38841 _d38841 |
||